000
00316nam a2200109Ia 4500
008
171211s9999 xx 000 0 und d
245
2
_a
A Critical Guide to Horror Film Series
245
_c
Ken Hanke
260
_c
2013
650
_x
Encyclopedia and Dictionary
856
_u
http://down.ebook777.com/065/1138965421.pdf
999
_c
350139
_d
350139